| 000 | 00476nam a22001937a 4500 | ||
|---|---|---|---|
| 003 | MPLRDC | ||
| 005 | 20220104202935.0 | ||
| 008 | 210129b ||||| |||| 00| 0 eng d | ||
| 020 | _a7-311-02654-7 | ||
| 082 | _a868.71 CXL | ||
| 100 | _a陈湘琳 | ||
| 245 |
_a漂泊的家 _c |
||
| 250 | _a初版一刷 | ||
| 260 |
_a中国 _b兰州大学出版社 _c2006 |
||
| 300 | _b平 | ||
| 520 | _a新书上架 2018-05-16。 | ||
| 650 | _a马华文学 | ||
| 942 |
_cBK _o868.71 CXL |
||
| 999 |
_c67887 _d67877 |
||